[Event "CHN-ch Gp-B"]
[Site "Liaocheng"]
[Date "2024.04.26"]
[Round "11"]
[White "Ling, Guohan"]
[Black "Chen, Zhongkai"]
[Result "0-1"]
[WhiteElo "1683"]
[BlackElo "1832"]
[PlyCount "98"]
[EventDate "2024.04.21"]
[EventType "swiss"]
[EventRounds "11"]
[EventCountry "CHN"]
[SourceTitle "CB18_2024"]
[SourceDate "2024.05.01"]
[SourceVersion "1"]
[SourceVersionDate "2024.05.01"]
[SourceQuality "2"]

1. e4 c5 2. Nf3 Nc6 3. Bb5 d6 4. 0-0 Bd7 5. Re1 Nf6 6. c3 g6 7. d4 cxd4 8. cxd4 Bg7 9. Nc3 a6 10. Bf1 Bg4 11. h3 Bxf3 12. gxf3 0-0 13. Be3 Nd7 14. d5 Na5 15. Bd4 e5 16. dxe6 Bxd4 17. Qxd4 Ne5 18. Qe3 Nac4 19. Bxc4 Nxc4 20. Qd4 Qg5+ 21. Kf1 Ne5 22. Qe3 Qh5 23. f4 Nf3 24. exf7+ Rxf7 25. Red1 Raf8 26. Nd5 g5 27. Rd3 Qxh3+ 28. Ke2 g4 29. Rc1 Qh6 30. f5 Qg7 31. Rcc3 Qe5 32. Nf4 Qb5 33. Rb3 Qa5 34. Rdc3 Re8 35. Ne6 d5 36. Qf4 Nd4+ 37. Kf1 Nxe6 38. Qxg4+ Ng7 39. e5 d4 40. e6 Rfe7 41. Rg3 Qe5 42. Qg5 Kh8 43. Rbf3 Rc7 44. Rh3 Nxe6 45. Qh5 Rc1+ 46. Kg2 Rg8+ 47. Rhg3 Rxg3+ 48. fxg3 Qe2+ 49. Kh3 Rh1+ 0-1

[Event "CHN-ch Gp-B"]
[Site "Liaocheng"]
[Date "2024.04.25"]
[Round "9"]
[White "Ling, Guohan"]
[Black "Cheng, Yuanda"]
[Result "1/2-1/2"]
[WhiteElo "1683"]
[BlackElo "2068"]
[PlyCount "117"]
[EventDate "2024.04.21"]
[EventType "swiss"]
[EventRounds "11"]
[EventCountry "CHN"]
[SourceTitle "CB18_2024"]
[SourceDate "2024.05.01"]
[SourceVersion "1"]
[SourceVersionDate "2024.05.01"]
[SourceQuality "2"]

1. e4 c5 2. Nf3 d6 3. d4 cxd4 4. Nxd4 Nf6 5. Nc3 Nc6 6. f3 e5 7. Nb3 Be6 8. Bg5 h6 9. Bxf6 Qxf6 10. Nd5 Qh4+ 11. g3 Qd8 12. Qd2 a5 13. a4 g6 14. Bc4 h5 15. 0-0-0 Bh6 16. f4 0-0 17. Rhf1 Rc8 18. Qe2 Bg4 19. Qd3 Bxd1 20. Rxd1 Nb4 21. Nxb4 axb4 22. Kb1 exf4 23. e5 Bg7 24. exd6 Qf6 25. c3 bxc3 26. bxc3 Qxc3 27. Qxc3 Bxc3 28. d7 Rxc4 29. d8Q Rxd8 30. Rxd8+ Kg7 31. Rd3 fxg3 32. hxg3 Be5 33. a5 Rc3 34. Rxc3 Bxc3 35. Kc2 Be1 36. Kd1 Bxg3 37. Nc5 Bf2 38. Nxb7 Kf6 39. Ke2 Ba7 40. Nd8 h4 41. Kf3 g5 42. a6 h3 43. Kg3 g4 44. Nc6 Bb6 45. a7 Bxa7 46. Nxa7 Ke5 47. Nb5 f5 48. Nc3 f4+ 49. Kh2 Kd4 50. Nd1 Ke4 51. Nf2+ Kf5 52. Nd3 Kg5 53. Ne5 f3 54. Kg3 h2 55. Kxh2 Kf5 56. Nc4 Kf4 57. Nd2 g3+ 58. Kg1 Kg4 59. Nxf3 1/2-1/2

[Event "CHN-ch U14"]
[Site "Shanghai"]
[Date "2024.02.20"]
[Round "9"]
[White "Ling, Guohan"]
[Black "Cong, Dingzhou"]
[Result "1-0"]
[WhiteElo "1377"]
[BlackElo "1718"]
[PlyCount "129"]
[EventDate "2024.02.16"]
[EventType "swiss"]
[EventRounds "11"]
[EventCountry "CHN"]
[SourceTitle "CB09_2024"]
[SourceDate "2024.02.28"]
[SourceVersion "1"]
[SourceVersionDate "2024.02.28"]
[SourceQuality "1"]

1. Nf3 d5 2. e3 Nf6 3. d4 c6 4. Bd3 Bg4 5. Nbd2 e6 6. c3 Bd6 7. 0-0 Nbd7 8. e4 dxe4 9. Nxe4 Nxe4 10. Bxe4 0-0 11. h3 Bh5 12. Be3 e5 13. Bf5 Bxf3 14. Qxf3 exd4 15. Bxd4 c5 16. Be3 Qc7 17. Rad1 Ne5 18. Qg3 Rad8 19. Bb1 Ng6 20. Qf3 Rfe8 21. c4 Ne5 22. Qe4 g6 23. Bg5 Be7 24. Bf4 Bd6 25. Bg3 f5 26. Qe2 Nf7 27. Qf3 Bxg3 28. fxg3 Rd4 29. Rxd4 cxd4 30. g4 Re3 31. Qd5 Qe5 32. gxf5 g5 33. f6 d3 34. Qd7 Qc5 35. Qd5 Qxd5 36. cxd5 d2 37. Kf2 Re5 38. Rd1 Rxd5 39. Ke2 Rd6 40. Rxd2 Rxf6 41. Rd7 Re6+ 42. Kf2 Rf6+ 43. Kg3 Rb6 44. Bxh7+ Kxh7 45. Rxf7+ Kg6 46. Rf2 Rb4 47. Kf3 a5 48. Ke3 b6 49. g3 a4 50. Kd3 a3 51. b3 Rb5 52. Rc2 Rf5 53. Ke2 Re5+ 54. Kd3 Rd5+ 55. Ke3 Rd6 56. b4 b5 57. Rc3 Ra6 58. Kd4 Kf5 59. Rc5+ Kf6 60. Kd5 Re6 61. Rc6 Rxc6 62. Kxc6 Ke5 63. h4 gxh4 64. gxh4 Kd4 65. h5 1-0

[Event "CHN-ch U14"]
[Site "Shanghai"]
[Date "2024.02.17"]
[Round "4"]
[White "Yu, Shuxiao"]
[Black "Ling, Guohan"]
[Result "1-0"]
[WhiteElo "1726"]
[BlackElo "1377"]
[PlyCount "149"]
[EventDate "2024.02.16"]
[EventType "swiss"]
[EventRounds "11"]
[EventCountry "CHN"]
[SourceTitle "CB09_2024"]
[SourceDate "2024.02.28"]
[SourceVersion "1"]
[SourceVersionDate "2024.02.28"]
[SourceQuality "1"]

1. Nf3 Nf6 2. c4 e6 3. g3 d5 4. Bg2 Be7 5. 0-0 0-0 6. b3 c5 7. Bb2 Nc6 8. cxd5 Nxd5 9. Nc3 Nxc3 10. Bxc3 Qc7 11. Rc1 e5 12. d3 Be6 13. Qd2 f6 14. Rfd1 a5 15. Qc2 Ra7 16. e3 Nb4 17. Qe2 Qb8 18. d4 e4 19. Ne1 f5 20. dxc5 Rc8 21. a3 Nd5 22. Bd4 Ra6 23. f3 Nf6 24. Qb2 a4 25. b4 Bb3 26. Rd2 Re6 27. f4 Qc7 28. Nc2 Bc4 29. Be5 Rxe5 30. Qxe5 Qxe5 31. fxe5 Ng4 32. Bf1 Bxf1 33. Kxf1 Nxe5 34. Nd4 g6 35. Ke2 Kf7 36. c6 bxc6 37. Rdc2 c5 38. bxc5 Nd3 39. Rb1 Rxc5 40. Rxc5 Bxc5 41. Nc2 Kf6 42. Rb5 Nc1+ 43. Kf2 Nb3 44. Rb8 Be7 45. Ra8 Nc5 46. Ke2 Ke6 47. Nb4 h5 48. Nc6 Bd6 49. Rg8 Kf7 50. Rd8 Ke6 51. Nd4+ Ke7 52. Ra8 Kf6 53. Nb5 Be7 54. Nc3 g5 55. Nxa4 Nd3 56. Nc3 Bd6 57. Ra6 Ke7 58. Nd5+ Ke6 59. Nc3 Ke7 60. Nb5 Be5 61. Rg6 Bf6 62. Rh6 h4 63. gxh4 gxh4 64. Nd6 f4 65. Nxe4 Nc1+ 66. Kf3 Bb2 67. exf4 Bxa3 68. Rxh4 Nd3 69. Rh7+ Ke6 70. Kg4 Kd5 71. Ng5 Bc1 72. Rd7+ Kc4 73. Ne6 Bb2 74. h4 Bf6 75. h5 1-0